The conversion of redundant farm steadings to other uses (Record no. 109591)

MARC details
000 -LEADER
fixed length control field 01824cad a22002415a 4500
001 - CONTROL NUMBER
control field E147508
008 - FIXED-LENGTH DATA ELEMENTS--GENERAL INFORMATION
fixed length control field 090519s2001 xxk f s000 0 eng d
035 ## - SYSTEM CONTROL NUMBER
System control number (Sirsi) u147508
041 0# - LANGUAGE CODE
Language code of text/sound track or separate title eng
050 04 - LIBRARY OF CONGRESS CALL NUMBER
Classification number 631.2 $2 18
100 2# - MAIN ENTRY--PERSONAL NAME
Personal name Davey, Andy
245 04 - TITLE STATEMENT
Title The conversion of redundant farm steadings to other uses
Medium [electronic resource]
260 ## - PUBLICATION, DISTRIBUTION, ETC.
Place of publication, distribution, etc. Edinburgh
Name of publisher, distributor, etc. Scottish Executive
Date of publication, distribution, etc. 2001
505 2# - FORMATTED CONTENTS NOTE
Formatted contents note Executive summary -- Chapter one, introduction: background; purpose and scope of report; research methods and limitations; structure of the report -- Chapter two, brief history and description of traditional farm steadings: history; development of steading form; common building types and their characteristics; recording and protection -- Chapter three, the re-use of redundant steadings: the case for conservation and conversion; alternative and preferred uses; current policy; consents; controls and quality; financial considerations; summary of sources of possible financial aid -- Chapter four, design criteria and guidance: general aims and principles; assessment and evaluation; adaptability; major interventions and extensions; building materials and methods; roofs; external walls and openings; floors; inside spaces, internal finishes and fittings; outside spaces, servicing and external works; special features -- Conclusion -- Appendices
520 ## - SUMMARY, ETC.
Summary, etc. Examines issues relating to the re-use and conversion of traditional farm buildings in Scotland.
521 ## - TARGET AUDIENCE NOTE
Target audience note Advanced
651 #4 - SUBJECT ADDED ENTRY--GEOGRAPHIC NAME
Geographic name Scotland
Chronological subdivision 1999-
690 ## - LOCAL SUBJECT ADDED ENTRY--TOPICAL TERM (OCLC, RLIN)
Topical term or geographic name as entry element PROPERTY-RURAL AND NATURAL ASSETS-AGRICULTURAL PROPERTY
700 1# - ADDED ENTRY--PERSONAL NAME
Personal name Kerr, Lesley
710 1# - ADDED ENTRY--CORPORATE NAME
Corporate name or jurisdiction name as entry element Simpson & Brown Architects
9 (RLIN) 3125
856 40 - ELECTRONIC LOCATION AND ACCESS
Uniform Resource Identifier <a href="https://www.scotland.gov.uk/Publications/2002/07/15133/9003">https://www.scotland.gov.uk/Publications/2002/07/15133/9003</a>
Public note View the report free of charge at www.scotland.gov.uk...
942 ## - ADDED ENTRY ELEMENTS (KOHA)
Suppress in OPAC 0
Holdings
Withdrawn status Lost status Source of classification or shelving scheme Damaged status Not for loan Home library Current library Shelving location Date acquired Total Checkouts Full call number Barcode Date last seen Copy number Price effective from Koha item type
    Dewey Decimal Classification     Virtual Virtual Online 19/05/2009   ONLINE PUBLICATION 147508-2001 06/08/2019 1 06/08/2019 Book